| 000 | 00654nam a2200229Ia 4500 | ||
|---|---|---|---|
| 003 | GCL | ||
| 008 | 140319s9999 xx 000 0 ara d | ||
| 040 |
_aGCL / _cGCL |
||
| 082 | 0 | 4 |
_aق _b962.052 _bع ف |
| 100 | 1 | _aعبدالعزيز الازهرى | |
| 245 | 1 | 0 |
_aفؤاد الاول / _cعبدالعزيز الازهرى |
| 700 | 1 | _aعلى عبيدالله | |
| 700 | 1 | _aمحمد مجاهد | |
| 260 |
_a[S.N] : _bدار الكتب ، _c1937 |
||
| 300 | _a457 ص | ||
| 490 | _a | ||
| 650 | 0 | 4 | _aالعصر الحديث |
| 650 | 0 | 4 | _aمصر |
| 650 | 0 | 4 | _aتاريخ |
| 650 | 0 | 4 | _aالملك احمد فؤاد (1923 - 1936) |
| 942 |
_2ddc _cBK |
||
| 999 |
_c58440 _d58440 |
||